000 00461cam a2200157ua 4500
041 _aeng
_h
082 _a515.2433
_bSPI/TH
100 _aSpiegel, Murray R .
245 _aTheory and problems of Fourier analysis with application to boundary value problems /
_cMurray R Spiegel.
_hTextual Documents
250 _a1 /
_b.
260 _aNew York :
_bMcGraw Hill Book Company ,
_c1974.
300 _a191 ; .
504 _a
942 _cBK
999 _c9246
_d9246